| 000 | 00000nam 2200000zi 4500 |
| 001 | 9.938800 |
| 003 | CaOODSP |
| 005 | 20250424103016 |
| 006 | m o d f |
| 007 | cr cn||||||||| |
| 008 | 240529e202406 onca ob f000 0 spa d |
| 020 | |a9780660721507 |
| 040 | |aCaOODSP|bfre|erda|cCaOODSP |
| 043 | |an------ |
| 086 | 1 |aHP45-36/2024Spa-PDF |
| 245 | 00|aPreparación Norteamericana para la iniciativa para pandemias en animales y seres humanos. |
| 250 | |a[Édition espagnol]. |
| 264 | 1|a[Ottawa] : |b[Agence de la santé publique du Canada], |cjuin 2024. |
| 300 | |a1 ressource en ligne (21 pages) : |billustrations |
| 336 | |atexte|btxt|2rdacontent/fre |
| 337 | |ainformatique|bc|2rdamedia/fre |
| 338 | |aressource en ligne|bcr|2rdacarrier/fre |
| 500 | |aPublié aussi en français sous le titre : Initiative nord-américaine de préparation aux pandémies animales et humaines. |
| 500 | |a« Pub. : 240234. » |
| 504 | |aComprend des références bibliographiques. |
| 546 | |aTexte en espagnol. |
| 650 | 6|aPandémies|zAmérique du Nord|xPrévention. |
| 710 | 2 |aAgence de santé publique du Canada, |eorganisme de publication. |
| 775 | 08|tInitiative nord-américaine de préparation aux pandémies animales et humaines.|w(CaOODSP)9.927083 |
| 791 | |tPreparación Norteamericana para la iniciativa para pandemias en animales y seres humanos.|eeng|w(CaOODSP)9.938798 |
| 856 | 40|qPDF|s637 Ko|uhttps://publications.gc.ca/collections/collection_2025/aspc-phac/HP45-36-2024-spa.pdf |